000 00647nam a2200277Ia 4500
005 20260324123450.0
008 008 260324s9999 xx 000 0 eng d
020 _a9781315605142
037 _aEBOOK
040 _aCRL
040 _beng
040 _cCRL
041 _2eng
041 _aeng
084 _qCRL
100 _aJeffrey Haynes
_9998530
245 0 _aReligious Transnational Actors and Soft Power
260 _bTaylor and Francis
260 _c2012
365 _a
365 _b240
856 _uhttp://www.taylorfrancis.com/books/9781315605142
942 _cEBOOK
999 _c1763957
_d1763957